| 000 | 003520000a22001570004500 | ||
|---|---|---|---|
| 003 | MACL | ||
| 040 | _aMACL | ||
| 090 |
_c4028 _d4027 |
||
| 100 | _aMukherji, Ramaranjan | ||
| 245 |
_aComparative Aesthetics _bIndian And Western |
||
| 260 | _bSanskrit Pustak Bhandar | ||
| 350 | _a200 | ||
| 650 | _aReligion | ||
| 942 |
_cBOOK _k5563 |
||
| 951 | _o5563 BOOK | ||
| 999 |
_c3994 _d3994 |
||